00755 a2200133 4500003000500000005001700005040000900022082001400031100001800045245002400063260003400087300001400121505048600135Nust20230208143558.0 cNust a954.6,IZZ aSH Izzatullah aKashmir Plebisite / aLahorebIqbal publisherc1956 a301 pages aPakistan Scheme’s Opposition (Page-17), Junagarh (Page-42), Kashmir Struggle (Page-51), Azad Kashmir Government (Page-65), Pakistan’s Intervention (Page-86), Security Council (Page-99), Sir Zafarullah’s Deface (Page-119), Vellodi’s Criticism (Page-134), Security Council Resolution (Page-153), China Resolution (Page-199), Ch. Ghulam Abbas (Page-221), Problem Reviewed (Page-228), An Adjustment (Page-246), Six Nations Resolution (Page-254), British Attitude (Page-293).